| 000 | 00614nam a22001937a 4500 | ||
|---|---|---|---|
| 003 | OSt | ||
| 005 | 20250709024318.0 | ||
| 008 | 250709b |||||||| |||| 00| 0 eng d | ||
| 020 | _a9789351158332 | ||
| 040 |
_aDWCL - Main lib _cOC |
||
| 082 | _aCirc. 664 F686 2016 | ||
| 100 | _a3G ELearning FZ LLC | ||
| 245 |
_aFood processing : _badvanced/ _c3G ELearning FZ LLC |
||
| 260 |
_aUAE : _b 3G Elearning, _c c2016. |
||
| 300 |
_avi, 296 pages : _billustrations (chiefly color) : _c30 cm. -- + 1 CD-ROM ( 4 3/4 in) |
||
| 504 | _aIncludes index. | ||
| 650 | _a1. Food--Packaging. | ||
| 942 |
_2ddc _cBK-CIRC _kCirc. _n0 |
||
| 999 |
_c3519 _d3519 |
||